Το θεατρικό παιχνίδι στο νηπιαγωγείο και το δημοτικό σχολείο
Αποθηκεύτηκε σε:
| Κύριος συγγραφέας: | |
|---|---|
| Άλλοι συγγραφείς: | , |
| Μορφή: | Βιβλίο |
| Γλώσσα: | Greek |
| Δημοσίευση: |
Αθήνα :
Gutenberg,
1994 ανατ.
|
| Σειρά: | Δημιουργική αισθητική αγωγή
|
| Θέματα: | |
| Ετικέτες: |
Προσθήκη ετικέτας
Δεν υπάρχουν, Καταχωρήστε ετικέτα πρώτοι!
|
MARC
| LEADER | 00000nam a2200000 i 4500 | ||
|---|---|---|---|
| 001 | 1/82328 | ||
| 008 | 970306s1994 gre d | ||
| 020 | |a 960-01-0029-2 | ||
| 035 | |a 1989 |b 2 |c Δωρεά |l 10033918 | ||
| 035 | |a 1998 |b 2 |c ΚΠΣ/Ν | ||
| 040 | |a GR-MY-UA |b gre |e aacr | ||
| 041 | 0 | |a gre | |
| 082 | 0 | |a 372.1332 | |
| 100 | 1 | |a Faure, Gerard. | |
| 245 | 1 | 3 | |a Το θεατρικό παιχνίδι στο νηπιαγωγείο και το δημοτικό σχολείο / |c Gerard Faure, Serge Lascar ; μετάφραση Αγνή Στρουμπούλη |
| 260 | |a Αθήνα : |b Gutenberg, |c 1994 ανατ. | ||
| 300 | |a 126 σ. | ||
| 490 | 1 | |a Δημιουργική αισθητική αγωγή | |
| 650 | 0 | 0 | |a Drama in education. |
| 650 | 0 | 0 | |a Play. |
| 650 | 0 | 0 | |a Children's plays. |
| 700 | 1 | |a Lascar, Serge. | |
| 700 | 1 | |a Στρουμπούλη, Αγνή. |4 trl | |
| 830 | 0 | |a Δημιουργική αισθητική αγωγή | |
| 852 | |a INST |b RHODES |e 19990125 |h 372.1332 FAU |p 005400005665 |q 005400005665 |t BK |y 0 | ||
| 852 | |a INST |b RHODES |e 19970306 |h 372.1332 FAU |p 005400007763 |q 005400007763 |t BK |y 0 | ||
| 909 | |a Ρ |b 024488 | ||
| 909 | |a Ρ |b 057197 | ||
| 922 | |a 4ΔΩΡ |b 198908 |c ΔΩΡΕΑ | ||
| 922 | |a 4ΕΛΗ |b 199805 |c ΚΠΣ/Ν | ||
| 970 | |a ΧΟΡΟΖΙΔΟΥ |b ΤΖΕΝΗ |z 1999/11/29 | ||